| 000 | 01061nam2a2200253 4500 | ||
|---|---|---|---|
| 001 | RU\NLR\BIBL_A\012268956 | ||
| 005 | 20250624002806.0 | ||
| 035 | _a(NLR Aleph) 012268956 | ||
| 090 |
_a11165224 _c11165224 |
||
| 100 | _a20200515j19160918|||y0rusy50 ca | ||
| 101 | 0 | _arus | |
| 102 | _aRU | ||
| 135 | _acrgn 008anaba | ||
| 200 | 0 | _a1916, N 167 (18 сент.) | |
| 210 |
_d1916 _aБ. м. |
||
| 325 | 1 | _aКопия доступна в электронной библиотеке РНБ | |
| 461 | 0 |
_1001RU\NLR\DRGNLR\4561 _12001#$aСпортивный листок$v1916, N 167 (18 сент.) _910644197 _cПг _d1915 - 1916 _fРед.-изд. И.М.Геншафт _tСпортивный листок _v1916, N 167 (18 сент.) |
|
| 852 |
_aNLR _j1-П/1-288 |
||
| 901 | _eГазеты | ||
| 942 | _cISSNP | ||
| 980 | _aNB | ||
| 981 | 2 | 7 |
_a(27) Периодические издания _b(27) Газеты |